[Event "NOR-chT Club"]
[Site "Drammen"]
[Date "2019.05.30"]
[Round "1.2"]
[White "Birkestrand, Odd Helge"]
[Black "Ranaldi, Lucas"]
[Result "0-1"]
[WhiteElo "1609"]
[BlackElo "2237"]
[PlyCount "44"]
[EventDate "2019.05.30"]
[EventType "team-swiss"]
[EventRounds "6"]
[EventCountry "NOR"]
[SourceTitle "CBM 190 Extra"]
[Source "ChessBase"]
[SourceDate "2019.07.15"]
[SourceVersion "1"]
[SourceVersionDate "2019.07.15"]
[SourceQuality "1"]
[WhiteTeam "Masfjorden"]
[BlackTeam "Schakklubben av 1911"]
[WhiteTeamCountry "NOR"]
[BlackTeamCountry "NOR"]

1. d4 Nf6 2. Bf4 d5 3. e3 c5 4. c3 Nc6 5. Bd3 e6 6. Nf3 Bd6 7. Bg3 0-0 8. Nbd2 b6 9. Ne5 Bb7 10. f4 Ne7 11. Ndf3 Nf5 12. Bf2 Be7 13. g4 Nd6 14. g5 Nfe4 15. Bg3 Rc8 16. Rg1 b5 17. Nd2 b4 18. c4 Nxd2 19. Bxh7+ Kxh7 20. Qh5+ Kg8 21. g6 fxg6 22. Nxg6 Rf5 0-1

[Event "Helsingor Xtracon op"]
[Site "Helsingor"]
[Date "2016.07.30"]
[Round "9"]
[White "Huse, Arne Kjelsbol"]
[Black "Birkestrand, Odd Helge"]
[Result "0-1"]
[WhiteElo "1163"]
[BlackElo "1676"]
[PlyCount "82"]
[EventDate "2016.07.23"]
[EventType "swiss"]
[EventRounds "10"]
[EventCountry "DEN"]
[SourceTitle "CBM 173 Extra"]
[Source "ChessBase"]
[SourceDate "2016.08.29"]
[SourceVersion "1"]
[SourceVersionDate "2016.08.29"]
[SourceQuality "1"]

1. e4 e5 2. Nf3 Nc6 3. Bb5 a6 4. Ba4 d6 5. Nc3 Bd7 6. d3 Nf6 7. 0-0 Be7 8. h3 0-0 9. Nh2 b5 10. Bb3 Nd4 11. Qd2 Qc8 12. Qe3 a5 13. a3 Nxb3 14. cxb3 c6 15. Ne2 Be6 16. Ng3 Bxb3 17. Nf5 Nd5 18. Qg3 g6 19. Nh6+ Kg7 20. exd5 Bxd5 21. Bg5 f6 22. Bc1 Qd8 23. Nf5+ Kh8 24. Nxe7 Qxe7 25. Nf3 Rg8 26. Ne1 Be6 27. Qf3 d5 28. Nc2 Rac8 29. Bd2 a4 30. Nb4 Qf7 31. Nc2 d4 32. Nb4 c5 33. Nc2 Rge8 34. Rfe1 Bd5 35. Qg3 Rc6 36. f3 Be6 37. Rac1 Rec8 38. Qf2 Bf5 39. Qf1 Qb3 40. Na1 Qxb2 41. Rb1 Qxd2 0-1

[Event "Helsingor Xtracon op"]
[Site "Helsingor"]
[Date "2016.07.29"]
[Round "8"]
[White "Birkestrand, Odd Helge"]
[Black "Edwardsson, Hannu Kalervo"]
[Result "0-1"]
[WhiteElo "1676"]
[BlackElo "1451"]
[PlyCount "84"]
[EventDate "2016.07.23"]
[EventType "swiss"]
[EventRounds "10"]
[EventCountry "DEN"]
[SourceTitle "CBM 173 Extra"]
[Source "ChessBase"]
[SourceDate "2016.08.29"]
[SourceVersion "1"]
[SourceVersionDate "2016.08.29"]
[SourceQuality "1"]

1. e4 e5 2. Nf3 d6 3. Bc4 Be6 4. Bxe6 fxe6 5. d3 Nf6 6. Nc3 Be7 7. Bd2 0-0 8. Ne2 c5 9. Ng3 Nc6 10. c3 Kh8 11. h4 d5 12. Qe2 d4 13. c4 a6 14. Ng5 Qd7 15. h5 h6 16. Nf3 b5 17. b3 bxc4 18. bxc4 Rab8 19. 0-0 Rb2 20. Rfb1 Rfb8 21. Qd1 Qb7 22. Rxb2 Qxb2 23. Nh4 Kh7 24. Nf3 a5 25. Ne1 Ng4 26. Nc2 Nf6 27. Bc1 Qb7 28. Na3 Qc8 29. Nb5 Qe8 30. a3 Qd7 31. Nf1 Qe8 32. g4 g6 33. Ng3 gxh5 34. gxh5 Qg8 35. Kf1 Ng4 36. Ra2 Rf8 37. Kg2 Bh4 38. Re2 Bxg3 39. fxg3 Qf7 40. Re1 Qf2+ 41. Kh3 Qh2+ 42. Kxg4 Rg8+ 0-1

[Event "Politiken Cup 37th"]
[Site "Helsingor"]
[Date "2015.07.26"]
[Round "3"]
[White "Birkestrand, Odd Helge"]
[Black "Berg Olsen, Sebastian N"]
[Result "1/2-1/2"]
[WhiteElo "1698"]
[BlackElo "1302"]
[PlyCount "71"]
[EventDate "2015.07.25"]
[EventType "swiss"]
[EventRounds "10"]
[EventCountry "DEN"]
[SourceTitle "CBM 167 Extra"]
[Source "ChessBase"]
[SourceDate "2015.09.14"]
[SourceVersion "1"]
[SourceVersionDate "2015.09.14"]
[SourceQuality "1"]

1. e4 c5 2. c3 Nf6 3. d3 g6 4. Nf3 Bg7 5. Be2 d6 6. 0-0 0-0 7. Nbd2 b6 8. d4 Bb7 9. d5 e6 10. c4 exd5 11. cxd5 Re8 12. Bd3 Ba6 13. Bxa6 Nxa6 14. Re1 Nb4 15. a3 Nd3 16. Re3 Nxf2 17. Qc2 N2g4 18. Re2 Ne5 19. Nxe5 Rxe5 20. Nf3 Re7 21. Bg5 h6 22. Bh4 g5 23. Nxg5 hxg5 24. Bxg5 Qe8 25. Rae1 Rd7 26. Rf1 Qe5 27. Bh4 Ng4 28. Bg3 Qd4+ 29. Bf2 Qe5 30. Bg3 Qh5 31. Rf5 Bd4+ 32. Kh1 Qh6 33. Bf4 Qh4 34. Bg3 Qh6 35. Bf4 Qh4 36. Bg3 1/2-1/2

[Event "Bergen Grand Prix B"]
[Site "Bergen"]
[Date "2013.10.18"]
[Round "1"]
[White "Kringstad, Svein Erik"]
[Black "Birkestrand, Odd Helge"]
[Result "0-1"]
[WhiteElo "1195"]
[BlackElo "1433"]
[PlyCount "52"]
[EventDate "2013.10.18"]
[EventType "swiss"]
[EventRounds "5"]
[EventCountry "NOR"]
[SourceTitle "EXT 2024"]
[Source "ChessBase"]
[SourceDate "2023.10.10"]
[SourceVersion "1"]
[SourceVersionDate "2023.10.10"]
[SourceQuality "1"]

1. e4 e5 2. Nf3 Nc6 3. Bc4 Nf6 4. Ng5 d5 5. exd5 Nd4 6. c3 b5 7. cxd4 bxc4 8. Qa4+ Qd7 9. Qxc4 exd4 10. Qxd4 Be7 11. Nc3 0-0 12. d3 Bb7 13. 0-0 Nxd5 14. Nxd5 Bxd5 15. b3 Bf6 16. Qf4 Bxa1 17. Ba3 Bf6 18. Bxf8 Rxf8 19. Rc1 Bxg5 20. Qxg5 Re8 21. h3 c6 22. Qh5 Re6 23. d4 Rg6 24. g3 Rh6 25. Qg4 Qxg4 26. hxg4 Rh1# 0-1

[Event "EU-chT Seniors 15th"]
[Site "Dresden"]
[Date "2013.07.28"]
[Round "9"]
[White "Mueller, Horst3333"]
[Black "Birkestrand, Odd Helge"]
[Result "0-1"]
[WhiteElo "1550"]
[BlackElo "1819"]
[PlyCount "40"]
[EventDate "2013.07.20"]
[EventType "team-swiss"]
[EventRounds "9"]
[EventCountry "GER"]
[SourceTitle "CBM 155 Extra"]
[Source "ChessBase"]
[SourceDate "2013.08.26"]
[SourceVersion "1"]
[SourceVersionDate "2013.08.26"]
[SourceQuality "1"]
[WhiteTeam "BSW/DBAG V"]
[BlackTeam "Norway III"]
[WhiteTeamCountry "GER"]
[BlackTeamCountry "NOR"]

1. e4 e5 2. Nf3 Nc6 3. Bb5 d6 4. 0-0 Bd7 5. c4 Nf6 6. d3 Be7 7. Nc3 0-0 8. Nd5 Nxd5 9. exd5 Nb8 10. Bxd7 Nxd7 11. Be3 f5 12. Qc1 f4 13. Bd2 Qe8 14. h3 Qg6 15. Qc2 Nc5 16. Bc3 Nxd3 17. Rad1 e4 18. Ne1 f3 19. g3 Nf4 20. Kh2 Ne2 0-1

[Event "NOR-ch Class3"]
[Site "Lillehammer"]
[Date "2013.06.29"]
[Round "1"]
[White "Birkestrand, Odd Helge"]
[Black "Solli, Jarle"]
[Result "1/2-1/2"]
[WhiteElo "1412"]
[BlackElo "1304"]
[PlyCount "108"]
[EventDate "2013.06.29"]
[EventType "swiss"]
[EventRounds "9"]
[EventCountry "NOR"]
[SourceTitle "EXT 2017"]
[Source "ChessBase"]
[SourceDate "2016.10.25"]
[SourceVersion "1"]
[SourceVersionDate "2016.10.25"]
[SourceQuality "1"]

1. e4 e6 2. d4 d5 3. e5 c5 4. c3 cxd4 5. cxd4 Nc6 6. Nf3 Bb4+ 7. Bd2 Qb6 8. Bxb4 Qxb4+ 9. Qd2 Nge7 10. Nc3 Nf5 11. Bb5 0-0 12. a3 Qa5 13. 0-0 Qb6 14. Bxc6 Qxc6 15. Rac1 Qe8 16. Ne2 Bd7 17. Rc3 Rc8 18. Rfc1 Rxc3 19. Rxc3 Bc6 20. Qf4 f6 21. Qg4 Nh6 22. Qh3 Bb5 23. Ng3 Kh8 24. Nh5 Qg6 25. Rc1 Be2 26. Nf4 Qe4 27. Nxe6 Rg8 28. Nc5 Qf4 29. Rc3 Bxf3 30. Qxf3 Qxd4 31. e6 b6 32. Nd3 Re8 33. Nf4 Qe5 34. g3 d4 35. Rd3 Rc8 36. Qd1 Nf5 37. Qd2 g5 38. Ne2 Rd8 39. Kf1 Qxe6 40. Nc3 Qc6 41. Kg1 Rd6 42. Ne2 Qd5 43. Qb4 Kg7 44. Qa4 Re6 45. Qd1 Re4 46. Nc3 Qc6 47. Nxe4 Qxe4 48. Rd2 h5 49. Qe2 Qc6 50. Rc2 Qd7 51. Qxh5 d3 52. Rd2 Qd5 53. Qd1 Qa2 54. Qc1 Nd4 1/2-1/2

[Event "Liberec op 13th"]
[Site "Liberec"]
[Date "2012.10.27"]
[Round "9"]
[White "Birkestrand, Odd Helge"]
[Black "Burdov, Petr"]
[Result "0-1"]
[WhiteElo "1832"]
[BlackElo "1653"]
[PlyCount "88"]
[EventDate "2012.10.20"]
[EventType "swiss"]
[EventRounds "9"]
[EventCountry "CZE"]
[SourceTitle "EXT 2013"]
[Source "ChessBase"]
[SourceDate "2012.11.22"]
[SourceVersion "1"]
[SourceVersionDate "2012.11.22"]
[SourceQuality "1"]

1. e4 e5 2. Nf3 Nf6 3. Nc3 d6 4. Be2 h6 5. d4 exd4 6. Nxd4 Nbd7 7. 0-0 Ne5 8. Bf4 Ng6 9. Bg3 Be7 10. Nf5 Be6 11. Nxe7 Nxe7 12. Bh4 Ng6 13. Bg3 0-0 14. Qd4 Qc8 15. Rad1 Ne7 16. Bh4 Nc6 17. Qd2 Nh7 18. Bg3 Nf6 19. f4 Bg4 20. h3 Bxe2 21. Qxe2 Re8 22. Qf3 Ne7 23. e5 Nh7 24. exd6 cxd6 25. Rxd6 Qc5+ 26. Bf2 Qxd6 27. a3 Qc6 28. Qg4 Nf6 29. Qg3 Nf5 30. Qd3 g6 31. g4 Rad8 32. Qb5 Qxb5 33. Nxb5 Ne3 34. Rc1 a6 35. Nc3 Nfd5 36. Nxd5 Nxd5 37. Rd1 Nxf4 38. Rxd8 Rxd8 39. Kh2 Rd2 40. Kg3 g5 41. Be3 Rxc2 42. Kf3 Rxb2 43. Bc5 Rb3+ 44. Ke4 Nxh3 0-1

[Event "EU-chT Seniors"]
[Site "Rogaska Slatina"]
[Date "2012.04.01"]
[Round "6.22"]
[White "Birkestrand, Odd Helge"]
[Black "Andersson, Sven Olof"]
[Result "1-0"]
[WhiteElo "1837"]
[BlackElo "2037"]
[PlyCount "109"]
[EventDate "2012.03.27"]
[EventType "team-swiss"]
[EventRounds "9"]
[EventCountry "SLO"]
[SourceTitle "CBM 147 Extra"]
[Source "ChessBase"]
[SourceDate "2012.04.24"]
[SourceVersion "1"]
[SourceVersionDate "2012.04.24"]
[SourceQuality "1"]
[WhiteTeam "Norway (Seniors) IV"]
[BlackTeam "Sweden (Seniors) III"]
[WhiteTeamCountry "NOR"]
[BlackTeamCountry "SWE"]

1. e4 c5 2. c3 d5 3. exd5 Qxd5 4. d4 e5 5. dxe5 Qxe5+ 6. Be2 Nf6 7. Nf3 Qc7 8. 0-0 Bd6 9. Bg5 Ne4 10. Qa4+ Nc6 11. Qxe4+ Be6 12. Bc4 0-0 13. Bxe6 fxe6 14. Qxe6+ Kh8 15. Nbd2 Rae8 16. Qh3 Re2 17. Rae1 Rfe8 18. Rxe2 Rxe2 19. Re1 Rxe1+ 20. Nxe1 h6 21. Be3 b6 22. Nef3 Ne5 23. Nxe5 Bxe5 24. Nf3 Bf4 25. Qe6 Bxe3 26. Qxe3 Qd7 27. b3 Qf5 28. h3 Qb1+ 29. Kh2 Qxa2 30. c4 Qc2 31. Qe8+ Kh7 32. Qe3 a5 33. Ne5 a4 34. Qd3+ Qxd3 35. Nxd3 axb3 36. Nb2 Kg6 37. Kg3 Kf5 38. Kf3 Ke5 39. Ke3 g5 40. g4 b5 41. cxb5 Kd5 42. b6 Kc6 43. b7 Kxb7 44. Kd3 Kc6 45. Kc4 Kd6 46. Kxb3 Ke5 47. Kc4 Kf4 48. Kxc5 Kf3 49. Nd3 Kg2 50. Kd5 Kxh3 51. Ne5 Kg2 52. Nf7 Kxf2 53. Nxh6 Kf3 54. Ke5 Kg3 55. Kf5 1-0

[Event "EU-chT Seniors"]
[Site "Rogaska Slatina"]
[Date "2012.03.28"]
[Round "2.21"]
[White "Birkestrand, Odd Helge"]
[Black "Fossum, Widar J"]
[Result "1/2-1/2"]
[WhiteElo "1837"]
[BlackElo "2040"]
[PlyCount "83"]
[EventDate "2012.03.27"]
[EventType "team-swiss"]
[EventRounds "9"]
[EventCountry "SLO"]
[SourceTitle "CBM 147 Extra"]
[Source "ChessBase"]
[SourceDate "2012.04.24"]
[SourceVersion "1"]
[SourceVersionDate "2012.04.24"]
[SourceQuality "1"]
[WhiteTeam "Norway (Seniors) IV"]
[BlackTeam "Norway (Seniors) V"]
[WhiteTeamCountry "NOR"]
[BlackTeamCountry "NOR"]

1. e4 e6 2. d4 b6 3. Nf3 Bb7 4. Bd3 d6 5. e5 Nd7 6. Bf4 dxe5 7. dxe5 Ne7 8. Nbd2 Nc5 9. Bb5+ c6 10. Be2 Ng6 11. Bg3 Qd7 12. 0-0 Rd8 13. c4 Be7 14. Qc2 0-0 15. Rad1 Qc7 16. a3 a5 17. Rfe1 Rd7 18. Nb3 Nxb3 19. Rxd7 Qxd7 20. Qxb3 Qc7 21. Rd1 Rd8 22. Rxd8+ Qxd8 23. Qc3 c5 24. Qe3 h6 25. h3 Qd7 26. b3 a4 27. Kh2 axb3 28. Qxb3 Bd8 29. Qd3 Qxd3 30. Bxd3 Bc7 31. Bxg6 fxg6 32. Nd2 Ba6 33. f4 g5 34. fxg5 hxg5 35. Kg1 b5 36. Ne4 b4 37. axb4 cxb4 38. Nd2 Kf7 39. Kf2 Kg6 40. Ke3 Kf5 41. Kd4 Bb7 42. Nf1 1/2-1/2

[Event "Bad Woerishofen Seniors op 28th"]
[Site "Bad Woerishofen"]
[Date "2012.03.08"]
[Round "7.31"]
[White "Thieme, Wolfgang"]
[Black "Birkestrand, Odd Helge"]
[Result "1-0"]
[WhiteElo "1797"]
[BlackElo "1653"]
[PlyCount "51"]
[EventDate "2012.03.02"]
[EventType "swiss"]
[EventRounds "9"]
[EventCountry "GER"]
[SourceTitle "EXT 2022"]
[Source "ChessBase"]
[SourceDate "2021.10.06"]
[SourceVersion "1"]
[SourceVersionDate "2021.10.06"]
[SourceQuality "1"]

1. e4 e5 2. Bc4 Nf6 3. d4 exd4 4. Nf3 d5 5. exd5 Nxd5 6. Qxd4 c6 7. 0-0 h6 8. Re1+ Be6 9. Nc3 Nc7 10. Bxe6 Nxe6 11. Qg4 c5 12. Bf4 Be7 13. Rxe6 fxe6 14. Rd1 Qb6 15. Qg6+ Kf8 16. Ne5 Kg8 17. Qf7+ Kh7 18. Qxe7 Nc6 19. Nxc6 Qxc6 20. Bxh6 Kxh6 21. Rd3 Kh7 22. Qf7 e5 23. Rh3+ Qh6 24. Nd5 Qxh3 25. gxh3 Kh6 26. Ne7 1-0

[Event "Bad Woerishofen Seniors op 28th"]
[Site "Bad Woerishofen"]
[Date "2012.03.03"]
[Round "2.62"]
[White "Birkestrand, Odd Helge"]
[Black "Luebbers, Doris"]
[Result "1-0"]
[WhiteElo "1653"]
[BlackElo "1336"]
[PlyCount "61"]
[EventDate "2012.03.02"]
[EventType "swiss"]
[EventRounds "9"]
[EventCountry "GER"]
[SourceTitle "EXT 2022"]
[Source "ChessBase"]
[SourceDate "2021.10.06"]
[SourceVersion "1"]
[SourceVersionDate "2021.10.06"]
[SourceQuality "1"]

1. e4 c5 2. c3 d6 3. d4 cxd4 4. cxd4 e6 5. Nf3 Nf6 6. Nc3 a6 7. Be2 Be7 8. 0-0 0-0 9. Be3 b5 10. a3 Bb7 11. d5 Nbd7 12. dxe6 fxe6 13. Ng5 Qc8 14. Nxe6 Rf7 15. Qb3 Nc5 16. Bxc5 dxc5 17. Ng5 c4 18. Qc2 Rf8 19. e5 h6 20. exf6 hxg5 21. fxe7 Rf7 22. Qg6 Qf5 23. Qxf5 Rxf5 24. Bh5 Bc6 25. Rfe1 Be8 26. Bxe8 Rxe8 27. Re2 Kf7 28. Rae1 g6 29. g4 Rf3 30. Nd5 Rd3 31. Nc7 1-0

[Event "Gibraltar Masters 9th"]
[Site "Caleta"]
[Date "2011.01.26"]
[Round "2"]
[White "Birkestrand, Odd Helge"]
[Black "Itkis, Hana"]
[Result "0-1"]
[WhiteElo "1894"]
[BlackElo "2084"]
[PlyCount "54"]
[EventDate "2011.01.25"]
[EventType "swiss"]
[EventRounds "10"]
[EventCountry "GGB"]
[SourceTitle "CBM 141"]
[Source "ChessBase"]
[SourceDate "2011.03.17"]
[SourceVersion "1"]
[SourceVersionDate "2011.03.17"]
[SourceQuality "1"]

1. e4 d6 2. d4 Nf6 3. Nc3 g6 4. f4 Bg7 5. e5 Nfd7 6. Nf3 c5 7. Be3 0-0 8. Be2 cxd4 9. Bxd4 Nc6 10. Bb5 dxe5 11. fxe5 Ndxe5 12. Bxe5 Nxe5 13. Qe2 Nxf3+ 14. Qxf3 Qb6 15. a4 a6 16. Nd5 Qc5 17. Be2 Bxb2 18. Rb1 Bg7 19. Nb6 Qxc2 20. Bd3 Qc3+ 21. Ke2 Qe5+ 22. Kf2 Qd4+ 23. Kf1 Bg4 24. Qe4 Rad8 25. Bc2 Qf6+ 26. Ke1 Qc3+ 27. Kf1 Bf5 0-1

[Event "Wch Seniors 20th"]
[Site "Arco"]
[Date "2010.10.29"]
[Round "4"]
[White "Birkestrand, Odd Helge"]
[Black "Pitkanen, Juhani"]
[Result "1/2-1/2"]
[WhiteElo "1913"]
[BlackElo "1731"]
[PlyCount "25"]
[EventDate "2010.10.26"]
[EventType "swiss"]
[EventRounds "11"]
[EventCountry "ITA"]
[SourceTitle "EXT 2011"]
[Source "ChessBase"]
[SourceDate "2010.11.26"]
[SourceVersion "1"]
[SourceVersionDate "2010.11.26"]
[SourceQuality "1"]

1. e4 c5 2. c3 g6 3. Nf3 Bg7 4. d4 cxd4 5. cxd4 d5 6. exd5 Qxd5 7. Nc3 Qd8 8. Bb5+ Bd7 9. Qa4 Nf6 10. Bf4 a6 11. Bxd7+ Nbxd7 12. 0-0 0-0 13. Rfe1 1/2-1/2